| 000 | 01657nam0a2200373 4500 | ||
|---|---|---|---|
| 001 | RU\NLR\bibl\830569 | ||
| 005 | 20260405082515.0 | ||
| 010 |
_a5-7555-0823-2 _bв обл. _9250 |
||
| 021 |
_aRU _b2005-18097 _9921 |
||
| 035 | _aRSL-KNO-002591626 | ||
| 035 | _a(NLR Aleph) 000819439 | ||
| 090 |
_a1291728 _c1291728 |
||
| 100 | _a20050418d2004 |||y0rusy50 ca | ||
| 101 | 0 | _arus | |
| 102 | _aRU | ||
| 105 | _aa ||||||||| | ||
| 106 | _ar | ||
| 200 | 1 |
_aЯ ухожу в осень _e[стихи] _fСаша Елькин _g[рис. Бузычкиной Е. А. и др.] |
|
| 210 |
_aСыктывкар _cКоми кн. изд-во _d2004 _gОАО Коми респ. тип. |
||
| 215 |
_a31 с. _cил. _d17 |
||
| 300 | _aВ вып. дан авт.: Елькин Александр Александрович | ||
| 610 | 0 | _aФилологические науки. Художественная литература -- Российская Федерация -- Русская литература -- с сер. 50-х гг. 20-го в. -- Произведения художественной литературы -- Поэзия -- Сборник произведений одного автора | |
| 686 |
_aШ5(2=Р)75-65я44 _2rubbk |
||
| 686 | _aШ9(2)8 | ||
| 700 | 1 |
_4070 _8rus _7ca _aЕлькин _bА. А. _gАлександр Александрович _3RU\NLR\auth\7729182 _912211 |
|
| 702 | 1 |
_aБузычкина _bЕ. А. _4040 |
|
| 801 | 0 |
_aRU _bRuMoRKP _c20050418 _grcr |
|
| 801 | 1 |
_aRU _bRuMoRGB _c20050418 |
|
| 801 | 2 |
_aRU _bNLR _c20050812 _gPSBO |
|
| 942 | _cBOOK | ||
| 980 | _aNB | ||